Haití: (Registro nro. 13442)

Detalles MARC
000 -LIDER
fixed length control field 02250nam a22003137a 4500
003 - IDENTIFICACDOR DE NÚMERO DE CONTROL
control field DO-SdBNP
005 - DATE AND TIME OF LATEST TRANSACTION
control field 20220407110556.0
008 - ELEMENTOS DE LONGITUD FIJA
fixed length control field 210428b2021 dr. 2021 00| 0 spa d
020 ## - ISBN
International Standard Book Number 97899450048861
040 ## - FUENTE DE CATALOGACIÓN
Agencia que crea de manera original el registro BPMSU
Idioma de catalogación spa
Agencia que realiza la transcripción BPMSU
082 ## - NÚMERO DE CLASIFICACIÓN DECIMAL DE DEWEY
Classification number 327.97293097294
Item number B623H 2012
Edition number 22
100 1# - ASIENTO PRINCIPAL -- NOMBRE PERSONAL
Nombre personal Bissainthe, Jean Ghasmann,
Fechas asociadas con el nombre 1961-
245 10 - MENCIÓN DE TITULO
Título Haití:
Subtítulo el drama nacional /
Mención de responsabilidad Jean Ghasmann Bissainthe ; prólogo Franklin J. Franco
260 ## - PUBLICACIÓN, DISTRIBUCIÓN, ETC. (PIE DE IMPRENTA)
Lugar de publicación, distribución, etc Santo Domingo :
Nombre del editor, distribuidor, etc. Librería la Trinitaria,
Fecha de publicación, distribución, etc 2021.
300 ## - DESCRIPCIÓN FÍSICA
Extensión 469 p. ;
Dimensiones 23 cm.
Otros detalles físicos
500 ## - NOTA GENERAL
Nota general Incluyes datos biográficos del autor en la solapa de la cubierta
500 ## - NOTA GENERAL
Nota general Incluye índice
504 ## - NOTA DE BIBLIOGRAFÍA, ETC.
Bibliography, etc Bibliográfica ; p. 457 - 469.
505 ## - NOTA DE CONTENIDO
Texto normalizado de contenido Problemas geopolíticos y demográficos ---<br/>Los mayores sismos y sus consecuencias para Haití --<br/>Procedencia de los esclavos haitianos y del vodú --<br/>Misticismo --<br/>Complejos de los negros --<br/>Dimensión geopolítica de las sublevaciones esclavas --<br/>Perfiles y creencias de los esclavos --<br/>La nación haitiana --<br/>Conciencia y solidaridad de clase --<br/>Estructuras mentales --<br/>Los extranjeros vistos por los haitianos -- <br/>Nuevas estructuras haitianas -- <br/>Sexo, poder y crímenes abyectos --<br/>Ontología haitiana -- <br/>Luchas raciales y sociales --<br/>La ideología indigenista --<br/>Aspectos religiosos y mágicos --<br/>Estrategias imperiales de los haitianos --<br/>Proyectos unitarios y agrarios --<br/>Mentalidad haitiana --<br/>Períodos históricos y prejuicios raciales -- <br/>Ambiciones neo-colonialistas de los europeos y norteamericanos -- <br/>Nuevas maniobras del Tío Sam --<br/>Consecuencias de la ocupación norteamericana --<br/>Ideología de la negritud y el cocaísmo --<br/>El poder de los negros y las estrategias mulatas --<br/>El reino de los Duvalier --<br/>El periodo post-duvalierista<br/>Duvalier versus Arístides<br/>Nuevos dramas nacionales<br/>Nuevas fiestas electorales.<br/>
590 ## - NOTA LOCAL
Texto de la nota local Inventario,2022/VM
651 #4 - ENCABEZAMIENTO DE MATERIA--NOMBRE GEOGRÁFICO
Nombre geográfico Haití
Subdivisión temática general Historia.
651 #4 - ENCABEZAMIENTO DE MATERIA--NOMBRE GEOGRÁFICO
Nombre geográfico Haití
Subdivisión temática general Relaciones
Subdivisión geográfica República Dominicana.
651 #4 - ENCABEZAMIENTO DE MATERIA--NOMBRE GEOGRÁFICO
Nombre geográfico República Dominicana
Subdivisión temática general Relaciones
Subdivisión geográfica Haití.
651 #4 - ENCABEZAMIENTO DE MATERIA--NOMBRE GEOGRÁFICO
Nombre geográfico Haití
Subdivisión temática general Condiciones sociales.
651 #4 - ENCABEZAMIENTO DE MATERIA--NOMBRE GEOGRÁFICO
Nombre geográfico Haití
Subdivisión temática general Política y gobierno.
700 1# - ASIENTO SECUNDARIO -- NOMBRE PERSONAL
Nombre personal Franco, Franklin J
Mención de responsabilidad prólogo
910 ## - VALIDACIÓN
Validación VMateo V.
942 ## - ADDED ENTRY ELEMENTS (KOHA)
Source of classification or shelving scheme Dewey Decimal Classification
Koha item type Libros
Existencias
Withdrawn status Lost status Source of classification or shelving scheme Damaged status Not for loan Collection code Home library Current library Date acquired Source of acquisition Full call number Barcode Date last seen Price effective from Koha item type
    Dewey Decimal Classification     Colección Dominicana Biblioteca Pública Metropolitana Salomé Ureña Biblioteca Pública Metropolitana Salomé Ureña 04/07/2022 Compra BPMSU CD 327.97293097294 B623h 2012 BPMSU22040021 04/07/2022 04/07/2022 Libros